Algebra elemental: enseñanza secundaria y técnica

Gespeichert in:
Bibliographische Detailangaben
Format: Buch
Sprache:Spanisch
Veröffentlicht: Santiago Henrich 1950
Schriftenreihe:Curso de Matemática
Schlagworte:
Tags: Tag hinzufügen
Keine Tags, Fügen Sie den ersten Tag hinzu!

MARC

LEADER 00000nam a2200000 a 4500
001 UCP3769
003 CL-VaPUC
008 990702e19500000CL |||||||||||||||||spa|d
082 0 4 |a 512  |b ALG  |2 21 
245 1 0 |a Algebra elemental: enseñanza secundaria y técnica 
300 |a 290 p 
942 |c BK 
945 |d 19990702 00:00:00  |a crobeson 
260 |a Santiago  |b Henrich  |c 1950 
650 0 |a Álgebra  |9 259567 
650 0 |a Matemáticas  |x Enseñanza  |9 875527 
650 0 |a Ecuaciones de primer grado  |9 424092 
650 7 |a ECUACIONES DE SEGUNDO GRADO  |2 CL-VaPUC  |9 431165 
650 0 |a Logaritmos  |9 260266 
583 |a last modification  |c 19990702 00:00:00  |k Rodrigo Vera 
490 0 |a Curso de Matemática 
999 |c 281964  |d 281962 
952 |0 0  |1 0  |4 0  |6 512_000000000000000_ALG_1950  |7 0  |8 A  |9 323136  |a BIBMAT  |b BIBMAT  |d 2019-11-20  |i 1351974  |o 512 ALG 1950  |p 1351974  |r 2025-01-07  |w 2019-11-20  |y BK  |k MAT